000 00521nam a22002057a 4500
003 koha_MIRAKIL
005 20231213095957.0
008 231213b |||||||| |||| 00| 0 ||| d
020 _b9-75437376-0
040 _aTR-IsEVY
_btur
_cTR-IsEVY
082 _a950.2 GRO/C
100 _aGrousset, Rene 1885-1952.
245 0 _aCihan fatihi Cengiz- Han
250 _a2. bs.
260 _bÖtüken,
_c2014
300 _a283 s.
650 _aCengiz Han -- Moğol.
650 _aCengiz Khan -- Mongol.
942 _2ddc
_cBK
999 _c12520
_d12520